000 00698ngm a22002650a 4500
001 PT41628
003 AR-LpoUNG
005 20210201232329.0
007 co ||u|||uuuuu
008 191001s2009||||xxk|||||||||||||||||eng d
020 _a9781408221402
_c$19.50
040 _aAR-LpoUNG
_bspa
_cAR-LpoUNG
_eaacr
041 _aeng
044 _axxk
082 0 _a428 697tec1A+B
100 1 _aJacques, Christopher
245 1 0 _aTechnical English 1 A + B :
_bworkbook CD
260 _as.l. :
_bPearson Education,
_c2009.
650 4 _aENSEƑANZA DE IDIOMAS
650 4 _aIDIOMAS
650 4 _aLENGUA INGLESA
651 4 _aDOCUMENTOS TEORICOS O METODOLOGICOS
905 _a41628
942 _cCDDVD
999 _c53389
_d53389